000 01886cam a22004934i 4500
003 PE-LiUPU
005 20250731173458.0
008 150616s1990 miu rb 000 0 eng d
020 _a0310365910
035 _a(Sirsi) i9780310365914
040 _aPE-LiUPU
_bspa
_cPE-LiUPU
_erda
049 _aPRUA
082 0 4 _a221.6
_bW19
_221
100 1 _aWalton, John H.,
_eautor.
245 1 0 _aAncient Israelite literature in its cultural context :
_ba survey of parallels between biblical and ancient Near Eastern texts /
_cJohn H. Walton.
264 1 _aMichigan :
_bZondervan Publishing House,
_c1990.
300 _a256 páginas ;
_c23 centímetros
336 _atext
_2rdacontent
337 _aunmediated
_2rdamedia
338 _avolume
_2rdacarrier
504 _abibliografía al final de cada capítulo.
505 0 _aCosmology -- Personal archives and epics -- Legal texts -- Covenants and treaties -- Historical literature -- Hymns, prayers and incantations Israel.
526 _aSEG42
526 _aSEG41
526 _aSEG40
526 _aSEG39
526 _aP94
526 _aP87
526 _aP86
526 _aP85
526 _aP77
526 _aP76
526 _aP35
630 0 4 _aBiblia.
_pA.T.
_xCrítica, interpretación, etc.
630 0 4 _aBiblia.
_pA.T.
_xParalelos extra-canónicos
650 1 4 _aLiteratura del Medio Oriente
_xRelación con el Antiguo Testamento
910 _ajck
_bjvq
_cjck
942 _2ddc
_cBOOK
949 _a221.6 W19
_wDEWEY
_c1
_i40173
_lCCODEBUL1
_mBUL
_r0
_sY
_tBOOK
_u2015-6-16
_xTEOLOGIA
_zUNKNOWN
_0COMPRA
_o.STAFF. Colección Teología
994 _aC0
_bPEPRU
596 _a1
999 _a221.6 W19
_wDEWEY
_c57966
_i40173
_f2021-11-9
_g5
_lCCODEBUL1
_mBUL
_p20.00
_r0
_sY
_tBOOK
_u2015-6-16
_xTEOLOGIA
_PP35
_0COMPRA
_o.STAFF. Colección Teología
_d57966
980 _81
_gALBERTO SANCHEZ Responsable de Automatización